| 000 | 00426nam a22001457a 4500 | ||
|---|---|---|---|
| 020 | _a9780521540865 | ||
| 040 | _cnust | ||
| 082 |
_a519.40285 _bHUN |
||
| 100 |
_aHunt R. Briar _9122588 |
||
| 110 |
_a,Lipsman L.Ronald, Roseberg M. Jonathan _9122589 |
||
| 245 | _aA Guide to MATLAB | ||
| 260 |
_aUK: _bbrian R. Hunt, ronald L. Lipsman, Jonathan M. Rosenberg, _c2001. |
||
| 650 |
_aA Guide to MATLAB _9122571 |
||
| 942 |
_2ddc _cBK |
||
| 999 |
_c609042 _d609042 |
||